Giáo trình giải phẫu sinh lý vật nuôi
Giáo trình biên soạn trên cơ sở những kiến thức cơ bản, cập nhật kiến thức mới trong và ngoài nước về cấu tạo, giải phẩu và các quy luật hoạt động của các hệ cơ quan trong cơ thể.
Đã lưu trong:
| Hovedforfatter: | |
|---|---|
| Format: | Bog |
| Sprog: | Undetermined |
| Udgivet: |
Hà Nội
Nhà xuất bản Hà Nội
2005
|
| Fag: | |
| Tags: |
Tilføj Tag
Ingen Tags, Vær først til at tagge denne postø!
|
| Thư viện lưu trữ: | Trung tâm Học liệu Trường Đại học Cần Thơ |
|---|
| LEADER | 00934nam a2200205Ia 4500 | ||
|---|---|---|---|
| 001 | CTU_106541 | ||
| 008 | 210402s9999 xx 000 0 und d | ||
| 020 | |c 28000 | ||
| 082 | |a 571.63 | ||
| 082 | |b Nh513 | ||
| 100 | |a Nguyễn, Đình Nhung | ||
| 245 | 0 | |a Giáo trình giải phẫu sinh lý vật nuôi | |
| 245 | 0 | |c Nguyễn Đình Nhung, Nguyễn Minh Tâm | |
| 260 | |a Hà Nội | ||
| 260 | |b Nhà xuất bản Hà Nội | ||
| 260 | |c 2005 | ||
| 520 | |a Giáo trình biên soạn trên cơ sở những kiến thức cơ bản, cập nhật kiến thức mới trong và ngoài nước về cấu tạo, giải phẩu và các quy luật hoạt động của các hệ cơ quan trong cơ thể. | ||
| 650 | |a Surgery,Animal cell biotechnology | ||
| 904 | |i Tuyến, Q. Hiếu (sửa) | ||
| 980 | |a Trung tâm Học liệu Trường Đại học Cần Thơ | ||